[Event "Barranquilla Region-ch (Women)"]
[Site "Barranquilla"]
[Date "2020.01.05"]
[Round "3"]
[White "Libreros Hurtado, Karina"]
[Black "Mercado Maestre, Maria Angel"]
[Result "1/2-1/2"]
[WhiteElo "1600"]
[BlackElo "1276"]
[PlyCount "80"]
[EventDate "2020.01.04"]
[EventType "swiss"]
[EventRounds "6"]
[EventCountry "COL"]
[SourceTitle "CBM 194 Extra"]
[Source "ChessBase"]
[SourceDate "2020.03.31"]
[SourceVersion "1"]
[SourceVersionDate "2020.03.31"]
[SourceQuality "1"]

1. e4 e5 2. Nf3 Nc6 3. d4 exd4 4. Nxd4 Bc5 5. Nxc6 Qf6 6. Qf3 dxc6 7. Be2 Be6 8. Qxf6 Nxf6 9. Nd2 0-0-0 10. 0-0 h5 11. Kh1 Ng4 12. h3 Nxf2+ 13. Kh2 Be3 14. Bf3 Bxd2 15. Rxf2 Bxc1 16. Rxc1 a6 17. a3 g5 18. Kg1 g4 19. hxg4 hxg4 20. Be2 Rh7 21. g3 Rdh8 22. Rff1 Rh1+ 23. Kf2 R8h2+ 24. Ke3 Rxf1 25. Rxf1 Rg2 26. Rf4 Rxg3+ 27. Kf2 Rh3 28. Kg2 g3 29. Bd3 b5 30. Rf1 c5 31. Rh1 Rxh1 32. Kxh1 Bh3 33. Kg1 c4 34. Bf1 Bxf1 35. Kxf1 Kd7 36. Kg2 Ke6 37. Kxg3 Ke5 38. Kf3 c5 39. Ke3 f5 40. exf5 Kxf5 1/2-1/2